000 00330nam a22001457a 4500
008 210527b ||||| |||| 00| 0 eng d
020 _a0387942297
041 _aeng
080 _22nd
_a616-053.2
082 _a616-053.2
100 _a8
101 _aPED
245 _aPediatric Nuclear Medicine
_cTreves,S.T
942 _2udc
_cBK
999 _c57677
_d57677